000
00303nam a2200121Ia 4500
008
191201s2015 xx 000 0 und d
100
_a
GARG, Santosh Kumar
245
0
_a
Water Supply Engineering
260
_c
2015
_b
Khanna Publisher
_a
New Delhi
300
_a
1064
650
_a
CIVIL
942
_2
ddc
_c
BB
_0
2
999
_c
7705
_d
7705